[Event "LTU-chT"]
[Site "Lithuania"]
[Date "2018.03.24"]
[Round "3.5"]
[White "Janulaitis, Albertas"]
[Black "Kuvsinov, Anatolij"]
[Result "1-0"]
[WhiteElo "1804"]
[BlackElo "1781"]
[PlyCount "70"]
[EventDate "2018.01.27"]
[EventType "team-swiss"]
[EventRounds "7"]
[EventCountry "LTU"]
[SourceTitle "EXT 2019"]
[Source "ChessBase"]
[SourceDate "2018.10.10"]
[SourceVersion "1"]
[SourceVersionDate "2018.10.10"]
[SourceQuality "1"]
[WhiteTeam "Marijampole Suduvos Jaunimas"]
[BlackTeam "Vilnius LASF"]
[WhiteTeamCountry "LTU"]
[BlackTeamCountry "LTU"]

1. e4 e5 2. Nf3 Nc6 3. Bb5 a6 4. Ba4 d6 5. 0-0 Nf6 6. d3 Be7 7. c3 0-0 8. Re1 b5 9. Bb3 Na5 10. Bc2 c5 11. Nbd2 Nc6 12. Nf1 h6 13. Ne3 Re8 14. a4 Bd7 15. Nd5 Bf8 16. axb5 Nb8 17. c4 Nxd5 18. exd5 Ra7 19. b4 Qc7 20. bxc5 dxc5 21. bxa6 Rxa6 22. Bb2 Bd6 23. Bc3 Bg4 24. Qe2 Qe7 25. h3 Bh5 26. Ba4 Bxf3 27. Qxf3 Rf8 28. Bb5 Rxa1 29. Bxa1 Nd7 30. Qf5 Nf6 31. Bxe5 Bxe5 32. Qxe5 Qxe5 33. Rxe5 Ra8 34. d6 Rd8 35. d7 Kf8 1-0

[Event "LTU-chT"]
[Site "Lithuania"]
[Date "2018.03.24"]
[Round "4.5"]
[White "Viskelis, Darius"]
[Black "Janulaitis, Albertas"]
[Result "1-0"]
[WhiteElo "2272"]
[BlackElo "1804"]
[PlyCount "55"]
[EventDate "2018.01.27"]
[EventType "team-swiss"]
[EventRounds "7"]
[EventCountry "LTU"]
[SourceTitle "EXT 2019"]
[Source "ChessBase"]
[SourceDate "2018.10.10"]
[SourceVersion "1"]
[SourceVersionDate "2018.10.10"]
[SourceQuality "1"]
[WhiteTeam "Vilnius Chess United"]
[BlackTeam "Marijampole Suduvos Jaunimas"]
[WhiteTeamCountry "LTU"]
[BlackTeamCountry "LTU"]

1. e4 e5 2. Bc4 Nf6 3. Nf3 Nc6 4. d3 Be7 5. 0-0 0-0 6. Re1 d6 7. a4 Be6 8. Nc3 Bxc4 9. dxc4 Qd7 10. a5 a6 11. Nd5 Nxd5 12. cxd5 Nd8 13. c4 f5 14. Qe2 f4 15. h3 Nf7 16. Ra3 Kh8 17. Bd2 Rab8 18. Bc3 Bf6 19. Rd1 Ng5 20. Nxg5 Bxg5 21. Qg4 Qe7 22. Be1 Bh6 23. Rdd3 Rf6 24. Rab3 Rg6 25. Rxb7 Qe8 26. Qd7 Kg8 27. Qxe8+ Rxe8 28. Rdb3 1-0

[Event "LTU-ch"]
[Site "Kaunas"]
[Date "2018.03.03"]
[Round "2"]
[White "Janulaitis, Albertas"]
[Black "Samodelkin, Artiom"]
[Result "0-1"]
[WhiteElo "1804"]
[BlackElo "1637"]
[PlyCount "106"]
[EventDate "2018.03.02"]
[EventType "swiss"]
[EventRounds "9"]
[EventCountry "LTU"]
[SourceTitle "CBM 183 Extra"]
[Source "ChessBase"]
[SourceDate "2018.04.19"]
[SourceVersion "1"]
[SourceVersionDate "2018.04.19"]
[SourceQuality "1"]

1. e4 e5 2. Nf3 f5 3. d4 fxe4 4. Nxe5 Nf6 5. c3 Be7 6. Qb3 d5 7. Be3 0-0 8. Nd2 c6 9. 0-0-0 Qb6 10. Qc2 Ng4 11. Nxg4 Bxg4 12. Re1 Nd7 13. h3 Bf5 14. g4 Bg6 15. h4 h5 16. gxh5 Bxh5 17. Be2 Nf6 18. Bg5 Bg6 19. Nf1 c5 20. Be3 cxd4 21. Bxd4 Bc5 22. Bxc5 Qxc5 23. Ne3 d4 24. cxd4 Qxd4 25. Qc4+ Qxc4+ 26. Bxc4+ Kh8 27. h5 Bh7 28. b3 Nd7 29. h6 g5 30. Ng4 Nc5 31. Rh5 Nd3+ 32. Bxd3 exd3 33. Rxg5 Rac8+ 34. Kb2 d2 35. Rd1 Rcd8 36. Rg7 Rd5 37. Rxb7 Be4 38. Ne3 Rdd8 39. Rxa7 Bf3 40. Rg1 d1Q 41. Nxd1 Bxd1 42. Rgg7 Rxf2+ 43. Kc3 Bc2 44. Kc4 Bd3+ 45. Kb4 Bb1 46. a3 Rf4+ 47. Ka5 Rd5+ 48. Kb6 Rf6+ 49. Kc7 Rc5+ 50. Kd7 Rxh6 51. Re7 Bf5+ 52. Ke8 Be6 53. Ra8 Rg6 0-1

[Event "LTU-ch U18"]
[Site "Kaunas"]
[Date "2017.04.10"]
[Round "9"]
[White "Kerpe, Mantas"]
[Black "Janulaitis, Albertas"]
[Result "1-0"]
[WhiteElo "1531"]
[BlackElo "1910"]
[PlyCount "51"]
[EventDate "2017.04.05"]
[EventType "tourn"]
[EventRounds "9"]
[EventCountry "LTU"]
[SourceTitle "CBM 177 Extra"]
[Source "ChessBase"]
[SourceDate "2017.04.27"]
[SourceVersion "1"]
[SourceVersionDate "2017.04.27"]
[SourceQuality "1"]

1. Nf3 c5 2. c4 Nc6 3. Nc3 Nd4 4. e3 Nxf3+ 5. Qxf3 e5 6. Bd3 Nf6 7. 0-0 g6 8. b3 Bg7 9. Bc2 0-0 10. Bb2 d6 11. h3 Rb8 12. Ne2 e4 13. Bxe4 Nxe4 14. Bxg7 Nxd2 15. Qd5 Nxf1 16. Bxf8 Kxf8 17. Rxf1 Be6 18. Qd2 b5 19. cxb5 Rxb5 20. Nc3 Rb6 21. Ne4 c4 22. bxc4 Bxc4 23. Rd1 d5 24. Nc3 Ra6 25. Qd4 Kg8 26. Qxc4 1-0

[Event "LTU-ch U18"]
[Site "Kaunas"]
[Date "2017.04.07"]
[Round "5"]
[White "Skerba, Gediminas"]
[Black "Janulaitis, Albertas"]
[Result "0-1"]
[WhiteElo "1470"]
[BlackElo "1910"]
[PlyCount "42"]
[EventDate "2017.04.05"]
[EventType "tourn"]
[EventRounds "9"]
[EventCountry "LTU"]
[SourceTitle "CBM 177 Extra"]
[Source "ChessBase"]
[SourceDate "2017.04.27"]
[SourceVersion "1"]
[SourceVersionDate "2017.04.27"]
[SourceQuality "1"]

1. e4 e5 2. Nf3 Nc6 3. d4 exd4 4. Nxd4 Bc5 5. Be3 Bxd4 6. Bxd4 Nxd4 7. Qxd4 Qg5 8. Nc3 Ne7 9. Nd5 Nxd5 10. Qxd5 Qf6 11. c3 Qg6 12. 0-0-0 d6 13. Rd3 Be6 14. Qxb7 0-0 15. Qxc7 Qxe4 16. Qxd6 Bxa2 17. Qd4 Qg6 18. Be2 a5 19. Bf3 Rfb8 20. Qd6 Qg5+ 21. Rd2 Rd8 0-1

[Event "LTU-chT"]
[Site "Lithuania"]
[Date "2017.03.18"]
[Round "6.8"]
[White "Janulaitis, Albertas"]
[Black "Pidluznij, Gleb"]
[Result "1-0"]
[WhiteElo "1907"]
[BlackElo "1686"]
[PlyCount "75"]
[EventDate "2017.01.28"]
[EventType "team-swiss"]
[EventRounds "7"]
[EventCountry "LTU"]
[SourceTitle "EXT 2018"]
[Source "ChessBase"]
[SourceDate "2017.10.13"]
[SourceVersion "1"]
[SourceVersionDate "2017.10.13"]
[SourceQuality "1"]
[WhiteTeam "Vilkaviskis Sirvinta"]
[BlackTeam "Klaipeda"]
[WhiteTeamCountry "LTU"]
[BlackTeamCountry "LTU"]

1. e4 e6 2. d4 d5 3. e5 c5 4. Nf3 Nc6 5. c3 Bd7 6. Bd3 Rc8 7. a3 cxd4 8. cxd4 Nge7 9. Nc3 Ng6 10. 0-0 Be7 11. Be3 0-0 12. Qb1 Na5 13. Nd2 Re8 14. f4 Qb6 15. g3 a6 16. h4 Nf8 17. f5 Qd8 18. Qd1 b5 19. f6 gxf6 20. Qg4+ Kh8 21. Bh6 Ng6 22. h5 f5 23. Qf3 Nf8 24. Qf4 Nc6 25. g4 f6 26. gxf5 fxe5 27. dxe5 exf5 28. Nf3 Bc5+ 29. Kh1 Qe7 30. Nxd5 Qf7 31. Nf6 Rcd8 32. Rg1 Ne6 33. Qxf5 Ncd4 34. Bg7+ Qxg7 35. Rxg7 Kxg7 36. Rg1+ Kf7 37. Qxh7+ Kf8 38. Rg8# 1-0

[Event "LTU-ch"]
[Site "Vilnius"]
[Date "2017.02.27"]
[Round "4"]
[White "Jalinskas, Arvydas"]
[Black "Janulaitis, Albertas"]
[Result "0-1"]
[WhiteElo "1492"]
[BlackElo "1907"]
[PlyCount "68"]
[EventDate "2017.02.25"]
[EventType "swiss"]
[EventRounds "9"]
[EventCountry "LTU"]
[SourceTitle "CBM 177 Extra"]
[Source "ChessBase"]
[SourceDate "2017.04.27"]
[SourceVersion "1"]
[SourceVersionDate "2017.04.27"]
[SourceQuality "1"]

1. e4 e5 2. Nf3 Nc6 3. Bc4 Nf6 4. Ng5 d5 5. exd5 Na5 6. Bb5+ c6 7. dxc6 bxc6 8. Qf3 Rb8 9. Bd3 h6 10. Ne4 Nd5 11. 0-0 Nf4 12. Nbc3 f5 13. Ng3 Qg5 14. Re1 Bd6 15. Bf1 0-0 16. d3 Bb7 17. Bxf4 exf4 18. Nh1 c5 19. Qh3 Nc6 20. Re6 Nd4 21. Ne4 Bxe4 22. dxe4 Nxe6 23. Bc4 Rbe8 24. Qb3 Qf6 25. exf5 Qxf5 26. f3 Kh8 27. c3 Nd8 28. Nf2 Nc6 29. Ne4 Rxe4 30. fxe4 Qxe4 31. Rf1 Na5 32. Qd1 Nxc4 33. b3 Ne3 34. Qxd6 Qxg2# 0-1

[Event "LTU-chT"]
[Site "Lithuania"]
[Date "2017.02.18"]
[Round "3.7"]
[White "Ivanauskas, Raimundas"]
[Black "Janulaitis, Albertas"]
[Result "1/2-1/2"]
[WhiteElo "1758"]
[BlackElo "1907"]
[PlyCount "95"]
[EventDate "2017.01.28"]
[EventType "team-swiss"]
[EventRounds "7"]
[EventCountry "LTU"]
[SourceTitle "CBM 176 Extra"]
[Source "ChessBase"]
[SourceDate "2017.03.02"]
[SourceVersion "1"]
[SourceVersionDate "2017.03.02"]
[SourceQuality "1"]
[WhiteTeam "Rokiskis"]
[BlackTeam "Vilkaviskis Sirvinta"]
[WhiteTeamCountry "LTU"]
[BlackTeamCountry "LTU"]

1. e4 e5 2. Nf3 Nc6 3. Nc3 Nf6 4. d4 exd4 5. Nxd4 Bc5 6. Be3 Qe7 7. Nf5 Qf8 8. Nxg7+ Qxg7 9. Bxc5 d6 10. Bd4 Be6 11. Bxf6 Qxf6 12. Bb5 a6 13. Ba4 Qg6 14. Bxc6+ bxc6 15. Qf3 Rg8 16. Qg3 Rb8 17. b3 f5 18. Qxg6+ Rxg6 19. g3 fxe4 20. Nxe4 Bf5 21. f3 Bxe4 22. fxe4 Re6 23. Kd2 Rxe4 24. Rae1 Rxe1 25. Rxe1+ Kd7 26. Rf1 Ke6 27. Rf4 Rb5 28. Rh4 h5 29. g4 hxg4 30. Rxg4 Rh5 31. h4 a5 32. Rg7 Rxh4 33. Rxc7 c5 34. a4 Kd5 35. Ra7 Kd4 36. c3+ Ke4 37. Rxa5 Rh2+ 38. Ke1 Ke3 39. Kf1 Kd3 40. c4 Kc3 41. Rb5 Rb2 42. a5 Ra2 43. Ke1 Kd4 44. Kd1 d5 45. cxd5 Kxd5 46. Kc1 Kc6 47. Rb6+ Kc7 48. Ra6 1/2-1/2

[Event "LTU-chT"]
[Site "Lithuania"]
[Date "2017.01.29"]
[Round "2.9"]
[White "Janulaitis, Albertas"]
[Black "Mockus, Dziugas"]
[Result "1-0"]
[WhiteElo "1907"]
[BlackElo "1589"]
[PlyCount "61"]
[EventDate "2017.01.28"]
[EventType "team-swiss"]
[EventRounds "7"]
[EventCountry "LTU"]
[SourceTitle "CBM 176 Extra"]
[Source "ChessBase"]
[SourceDate "2017.03.02"]
[SourceVersion "1"]
[SourceVersionDate "2017.03.02"]
[SourceQuality "1"]
[WhiteTeam "Vilkaviskis Sirvinta"]
[BlackTeam "Marijampole Suduva"]
[WhiteTeamCountry "LTU"]
[BlackTeamCountry "LTU"]

1. d4 d5 2. c4 c6 3. Nc3 Nf6 4. Nf3 e6 5. e3 Bd6 6. Be2 Nbd7 7. 0-0 0-0 8. b3 dxc4 9. bxc4 e5 10. Bb2 exd4 11. exd4 Re8 12. Re1 Nf8 13. Qc2 Bg4 14. Rad1 Qc7 15. c5 Bf4 16. g3 Bh6 17. Ne5 Be6 18. f4 Nd5 19. Bc4 Rad8 20. Nxd5 Bxd5 21. Bxd5 Rxd5 22. Ng4 Rdd8 23. Nxh6+ gxh6 24. d5 Qa5 25. Rxe8 Rxe8 26. Qc3 Qxc3 27. Bxc3 cxd5 28. Rxd5 Re2 29. Rd8 f5 30. c6 Kf7 31. c7 1-0

[Event "LTU-chT"]
[Site "Lithuania"]
[Date "2017.01.28"]
[Round "1.4"]
[White "Janulaitis, Albertas"]
[Black "Sakalauskas, Vaidas"]
[Result "0-1"]
[WhiteElo "1907"]
[BlackElo "2357"]
[PlyCount "78"]
[EventDate "2017.01.28"]
[EventType "team-swiss"]
[EventRounds "7"]
[EventCountry "LTU"]
[SourceTitle "CBM 176 Extra"]
[Source "ChessBase"]
[SourceDate "2017.03.02"]
[SourceVersion "1"]
[SourceVersionDate "2017.03.02"]
[SourceQuality "1"]
[WhiteTeam "Vilkaviskis Sirvinta"]
[BlackTeam "Vilnius MRU"]
[WhiteTeamCountry "LTU"]
[BlackTeamCountry "LTU"]

1. d4 d6 2. c4 g6 3. Nc3 Bg7 4. e4 Nf6 5. Nf3 0-0 6. Be2 Na6 7. Be3 Ng4 8. a3 Nxe3 9. fxe3 c5 10. 0-0 Bg4 11. Rb1 Bxf3 12. Rxf3 cxd4 13. exd4 Qb6 14. Nb5 e5 15. b4 exd4 16. Kh1 Nc7 17. c5 dxc5 18. bxc5 Qc6 19. Nxc7 Qxc7 20. Qb3 Qxc5 21. Rbf1 b6 22. Rxf7 Kh8 23. Qe6 Rxf7 24. Rxf7 Qxa3 25. h4 Qg3 26. Qe7 Qe5 27. Qb7 Rf8 28. Rxf8+ Bxf8 29. Qf7 Bd6 30. Kg1 Qh2+ 31. Kf2 Qxh4+ 32. Kg1 Bh2+ 33. Kf1 Qf4+ 34. Qxf4 Bxf4 35. g4 Kg7 36. Bb5 Kf6 37. Ke2 Ke5 38. Kd3 Bg5 39. Bd7 Bf6 0-1

[Event "Kaunas Butnorius 70 op"]
[Site "Kaunas"]
[Date "2016.08.07"]
[Round "9"]
[White "Janulaitis, Albertas"]
[Black "Tvarijonas, Tomas"]
[Result "0-1"]
[WhiteElo "1875"]
[BlackElo "2303"]
[PlyCount "96"]
[EventDate "2016.08.01"]
[EventType "swiss"]
[EventRounds "9"]
[EventCountry "LTU"]
[SourceTitle "CBM 173 Extra"]
[Source "ChessBase"]
[SourceDate "2016.08.29"]
[SourceVersion "1"]
[SourceVersionDate "2016.08.29"]
[SourceQuality "1"]

1. d4 d5 2. c4 c6 3. Nc3 e5 4. cxd5 cxd5 5. Nf3 e4 6. Ne5 Nc6 7. Nxc6 bxc6 8. Bf4 Qb6 9. Rb1 Ba6 10. b4 Bxb4 11. Bd2 e3 12. fxe3 Qa5 13. Ne4 Bxd2+ 14. Qxd2 Qxd2+ 15. Nxd2 Nf6 16. e4 dxe4 17. e3 Bxf1 18. Rxf1 0-0 19. Rf4 Nd5 20. Rg4 f5 21. Rg3 Rab8 22. Rc1 Nb4 23. Ke2 Nxa2 24. Rxc6 Rfc8 25. Rxc8+ Rxc8 26. Rg5 Nc1+ 27. Kd1 Nd3 28. Nb3 g6 29. h4 Kf7 30. h5 Nf2+ 31. Kd2 Ng4 32. Nc5 Re8 33. Nd7 Re7 34. hxg6+ hxg6 35. Ne5+ Nxe5 36. dxe5 Rxe5 37. Rg3 Rd5+ 38. Ke2 Ra5 39. Rh3 Ra2+ 40. Kf1 Kf6 41. Kg1 a5 42. Rh7 Kg5 43. Rg7 a4 44. Kh2 a3 45. Kg3 Re2 46. Ra7 Rxe3+ 47. Kh2 Kg4 48. Ra6 g5 0-1

[Event "Kaunas Butnorius 70 op"]
[Site "Kaunas"]
[Date "2016.08.05"]
[Round "8"]
[White "Arulis, Algimantas I"]
[Black "Janulaitis, Albertas"]
[Result "1/2-1/2"]
[WhiteElo "2090"]
[BlackElo "1875"]
[PlyCount "184"]
[EventDate "2016.08.01"]
[EventType "swiss"]
[EventRounds "9"]
[EventCountry "LTU"]
[SourceTitle "CBM 173 Extra"]
[Source "ChessBase"]
[SourceDate "2016.08.29"]
[SourceVersion "1"]
[SourceVersionDate "2016.08.29"]
[SourceQuality "1"]

1. d4 Nf6 2. Nf3 d5 3. Bg5 e6 4. Nbd2 Be7 5. e3 Nbd7 6. Bd3 c5 7. c3 0-0 8. 0-0 b6 9. Qb1 h6 10. Bh4 Bb7 11. b4 c4 12. Bc2 Re8 13. a4 a6 14. Ne5 Nxe5 15. dxe5 Nd7 16. Bxe7 Rxe7 17. f4 f6 18. exf6 gxf6 19. Qe1 f5 20. Nf3 Rg7 21. Nd4 Qf6 22. Rf3 Kh8 23. Rg3 Rag8 24. Rxg7 Rxg7 25. a5 b5 26. Qe2 Bc8 27. Rf1 Qf7 28. Rf3 Nf6 29. Rh3 Kh7 30. Nf3 Qg6 31. Ne5 Qe8 32. Qf2 Qg8 33. Kf1 h5 34. Qe2 Kh6 35. Rh4 Bd7 36. Bd1 Be8 37. Qf3 Ng4 38. Qh3 Nf6 39. Bf3 Qf8 40. g4 fxg4 41. Nxg4+ Nxg4 42. Bxg4 Rxg4 43. Qxg4 Qd6 44. Qg5+ Kh7 45. Qf6 Qc6 46. Qe7+ Kh6 47. Qf6+ Kh7 48. f5 d4 49. e4 dxc3 50. Qxc3 exf5 51. Rf4 Bg6 52. Ke2 Qe6 53. e5 Qd5 54. Qd4 Qg2+ 55. Rf2 Qc6 56. Kd2 Qc8 57. Kc3 f4 58. Qxf4 Qh3+ 59. Qg3 Qd7 60. Rf6 Be8 61. Rxa6 Qd1 62. Ra7+ Bd7 63. Qe3 Qa1+ 64. Kd2 Qb2+ 65. Kd1 Qb1+ 66. Ke2 Qc2+ 67. Qd2 Qe4+ 68. Kf2 Qf5+ 69. Kg1 Qg4+ 70. Kf1 Qf3+ 71. Qf2 Qd1+ 72. Qe1 Qf3+ 73. Kg1 Qg4+ 74. Qg3 Qd4+ 75. Qf2 Qd1+ 76. Kg2 Qg4+ 77. Kf1 Qd1+ 78. Qe1 Qf3+ 79. Kg1 Qg4+ 80. Kf2 Qf4+ 81. Kg2 Qg4+ 82. Kh1 Qf3+ 83. Kg1 Qg4+ 84. Qg3 Qd4+ 85. Qf2 Qd1+ 86. Qf1 Qd4+ 87. Kg2 Qxa7 88. Qf7+ Kh6 89. Qf8+ Kg6 90. Qf6+ Kh7 91. Qf7+ Kh6 92. Qf6+ Kh7 1/2-1/2

[Event "Panevezys op-B"]
[Site "Panevezys"]
[Date "2016.06.10"]
[Round "2"]
[White "Stasans, Aivars"]
[Black "Janulaitis, Albertas"]
[Result "1-0"]
[WhiteElo "2151"]
[BlackElo "1725"]
[PlyCount "87"]
[EventDate "2016.06.09"]
[EventType "swiss"]
[EventRounds "7"]
[EventCountry "LTU"]
[SourceTitle "CBM 172 Extra"]
[Source "ChessBase"]
[SourceDate "2016.06.21"]
[SourceVersion "1"]
[SourceVersionDate "2016.06.21"]
[SourceQuality "1"]

1. e4 e5 2. Nf3 Nc6 3. d4 exd4 4. Nxd4 Bc5 5. Nb3 Bb6 6. Nc3 d6 7. Qe2 Nf6 8. Bg5 h6 9. Bh4 Bg4 10. f3 Be6 11. 0-0-0 g5 12. Bf2 Qe7 13. h4 g4 14. Qd2 0-0-0 15. Nd4 Ne5 16. Nd5 Nxd5 17. exd5 Bd7 18. f4 Ng6 19. h5 Nf8 20. Bh4 f6 21. Bc4 c6 22. Rde1 Qg7 23. Ne6 Bxe6 24. dxe6 Qe7 25. f5 Nh7 26. Bf2 Rhg8 27. Bxb6 axb6 28. Qb4 Kc7 29. Bd3 Rde8 30. Rh4 Qg7 31. g3 Re7 32. a4 Ng5 33. Rxg4 Qf8 34. a5 b5 35. Rf1 Qe8 36. Qd4 Qxh5 37. Rh4 Qe8 38. Qb6+ Kb8 39. Rxh6 Rxe6 40. fxe6 Qxe6 41. Rhxf6 Qe7 42. a6 Ne6 43. Rf7 Qg5+ 44. Kb1 1-0

[Event "Panevezys op-B"]
[Site "Panevezys"]
[Date "2016.06.09"]
[Round "1"]
[White "Janulaitis, Albertas"]
[Black "Golsta, Ramona"]
[Result "1-0"]
[WhiteElo "1725"]
[BlackElo "1515"]
[PlyCount "73"]
[EventDate "2016.06.09"]
[EventType "swiss"]
[EventRounds "7"]
[EventCountry "LTU"]
[SourceTitle "CBM 172 Extra"]
[Source "ChessBase"]
[SourceDate "2016.06.21"]
[SourceVersion "1"]
[SourceVersionDate "2016.06.21"]
[SourceQuality "1"]

1. d4 f5 2. c4 Nf6 3. Nf3 e6 4. Nc3 d5 5. e3 c6 6. a3 a5 7. Bd3 Bd6 8. c5 Bc7 9. Na4 0-0 10. 0-0 Nbd7 11. Qc2 Ne4 12. Ne1 Qh4 13. f4 Ndf6 14. Nf3 Qh5 15. Nc3 Bd7 16. Bd2 Nxd2 17. Qxd2 Ne4 18. Bxe4 fxe4 19. Ne5 Qe8 20. Qe2 b6 21. b4 Bc8 22. Qc2 Ba6 23. Rf2 Bxe5 24. fxe5 Bd3 25. Rxf8+ Qxf8 26. Qb2 bxc5 27. bxc5 Rb8 28. Qd2 Rb3 29. Ne2 a4 30. Nf4 Qf5 31. Qa5 Bc2 32. Rf1 Qg4 33. Qd8+ Kf7 34. Nxe6+ Kg6 35. Nf4+ Kh6 36. Qd6+ g6 37. Qf8+ 1-0

[Event "LTU-chT"]
[Site "Lithuania"]
[Date "2016.04.03"]
[Round "7.4"]
[White "Povilaitis, Tomas"]
[Black "Janulaitis, Albertas"]
[Result "1-0"]
[WhiteElo "1650"]
[BlackElo "1654"]
[PlyCount "65"]
[EventDate "2016.01.23"]
[EventType "team-swiss"]
[EventRounds "7"]
[EventCountry "LTU"]
[SourceTitle "EXT 2017"]
[Source "ChessBase"]
[SourceDate "2016.10.25"]
[SourceVersion "1"]
[SourceVersionDate "2016.10.25"]
[SourceQuality "1"]
[WhiteTeam "Siauliai Tomas"]
[BlackTeam "Marijampole Mantinga"]
[WhiteTeamCountry "LTU"]
[BlackTeamCountry "LTU"]

1. e4 e5 2. Nc3 Nf6 3. g3 Bc5 4. Bg2 0-0 5. Nge2 Nc6 6. 0-0 a6 7. h3 d6 8. d3 Be6 9. Kh2 Nd7 10. f4 f5 11. exf5 Rxf5 12. g4 Rf8 13. f5 Bf7 14. Ng3 Qh4 15. g5 h6 16. Nge4 Bd5 17. Qe2 Nd4 18. Qd1 Bxe4 19. Nxe4 Rxf5 20. Rxf5 Nxf5 21. gxh6 Nxh6 22. Bg5 Ng4+ 23. Qxg4 Qxg4 24. hxg4 Ba7 25. Rf1 d5 26. Ng3 c6 27. Nf5 Nf6 28. Kg3 Bb8 29. Nxg7 Ne4+ 30. dxe4 Kxg7 31. Bf6+ Kg6 32. g5 Bc7 33. Rh1 1-0

[Event "Palanga op"]
[Site "Palanga"]
[Date "2015.06.17"]
[Round "4"]
[White "Misiuk, Emilija"]
[Black "Janulaitis, Albertas"]
[Result "0-1"]
[WhiteElo "1510"]
[BlackElo "1655"]
[PlyCount "46"]
[EventDate "2015.06.15"]
[EventType "swiss"]
[EventRounds "9"]
[EventCountry "LTU"]
[SourceTitle "CBM 167 Extra"]
[Source "ChessBase"]
[SourceDate "2015.09.14"]
[SourceVersion "1"]
[SourceVersionDate "2015.09.14"]
[SourceQuality "1"]

1. d4 d5 2. c4 c6 3. Nf3 Bf5 4. e3 e6 5. Be2 Nf6 6. Nh4 Bg6 7. Nxg6 hxg6 8. 0-0 Bd6 9. h3 Nh7 10. f4 f5 11. Qb3 Qb6 12. Qc2 Qd8 13. c5 Be7 14. b4 g5 15. Bh5+ Kd7 16. fxg5 Nxg5 17. Bf3 Qc7 18. a4 Qg3 19. Rf2 Nxh3+ 20. Kf1 Nxf2 21. Qxf2 Rh1+ 22. Ke2 Qxf2+ 23. Kxf2 Rxc1 0-1